| 000 | 00711cam a2200193 a 4500 | ||
|---|---|---|---|
| 001 | 000002888 | ||
| 005 | 20200929150258.0 | ||
| 008 | 890328s1988 pr 000 p spa | ||
| 040 |
_aDO-SdBNP _cDLC _dDLC |
||
| 082 |
_aPR861.4 _bJ64c |
||
| 100 | 1 |
_aJoglar Chacho, Manuel, _d1898- _99176 |
|
| 245 | 1 | 0 |
_aCreación última : _bOda a un alfarero. La morada del hombre. Creación última / _cManuel Joglar Chacho; prólogo, Manuel de la Puebla. |
| 260 |
_aSan Juan, Puerto Rico : _bMairena, _c1988. |
||
| 300 |
_axii, 93 p. ; _c22 cm. |
||
| 650 | 4 |
_aPoesía puertorriqueña _91015 |
|
| 650 | 4 |
_aLiteratura puertorriqueña _9250 |
|
| 700 | 1 |
_aPuebla, Manuel de la, _epról. _98725 |
|
| 910 | _aCatalogación por copia / LC | ||
| 999 |
_c2722 _d2722 |
||